Vista normal
Vista MARC
Entrada Personal Name
Número de registros utilizados en: 1
001 - CONTROL NUMBER
- control field: 42947
003 - CONTROL NUMBER IDENTIFIER
- control field: OSt
005 - DATE AND TIME OF LATEST TRANSACTION
- control field: 20231127163239.0
008 - FIXED-LENGTH DATA ELEMENTS
- fixed length control field: 231127|| aca||aabn | a|a d
040 ## - CATALOGING SOURCE
- Original cataloging agency: OSt
- Transcribing agency: OSt
100 ## - HEADING--PERSONAL NAME
- Personal name: Schranwen Oliver
670 ## - SOURCE DATA FOUND
- Source citation: Work cat.: (OSt)30343: Schranwen Oliver autor, Guy, tratao de un bebedor /